Statistics for Nursery Rhymes By Last Line

Click here to take the quiz!

General Stats

  • This quiz has been taken 108 times
  • The average score is 12 of 21

Answer Stats

Last LineAnswer% Correct
"... climbed up the spout again"Itsy Bitsy Spider
92%
"And Jill came tumbling after"Jack and Jill
88%
"Couldn't put ____ together again"Humpty Dumpty
80%
"E-I-E-E-O"Old MacDonald
77%
"... was his name-o"BINGO
75%
"The mouse ran down"Hickory Dickory Dock
72%
"Like a diamond in the sky"Twinkle Twinkle Little Star
72%
"The lamb was sure to go"Mary Had A Little Lamb
70%
"Pour me out"I'm A Little Teapot
67%
"My fair lady"London Bridge
65%
"Cradle and all"Rock a Bye Baby
65%
"Life is but a dream"Row Row Row Your Boat
65%
"... who lives down the lane"Baa Baa Black Sheep
57%
"We all fall down"Ring Around The Rosie
55%
"And pretty maids all in a row"Mary Mary Quite Contrary
50%
"All the way home"This Little Piggy
50%
"And the dish ran away with the spoon"Hey Diddle Diddle
47%
"... they're neither up nor down"Grand Old Duke of York
40%
"To set before a king?" / "And landed on her nose"Sing A Song of Sixpence
30%
"To get out of the rain"The Ants Go Marching
18%
"Ding, Ding, Dong"Frere Jacques
12%

Score Distribution

Percentile by Number Answered

Percent of People with Each Score

Your Score History

You have not taken this quiz